Alberta Elder's Cree dictionary Alperta ohci kehtahayak otwestamâkewasinahikan

Сохранить в:
Библиографические подробности
Формат:
Язык:Undetermined
Опубликовано: Alberta, Canada Duval House 1998
Предметы:
Метки: Добавить метку
Нет меток, Требуется 1-ая метка записи!
Thư viện lưu trữ: Trung tâm Học liệu Trường Đại học Cần Thơ
LEADER 00504nam a2200169Ia 4500
001 CTU_41336
008 210402s9999 xx 000 0 und d
082 |a 497.3 
082 |b A147 
245 0 |a Alberta Elder's Cree dictionary 
245 0 |b Alperta ohci kehtahayak otwestamâkewasinahikan 
260 |a Alberta, Canada 
260 |b Duval House 
260 |c 1998 
650 |a cree laguage - dictionaries - english 
904 |i Minh, 010518 
980 |a Trung tâm Học liệu Trường Đại học Cần Thơ